| 000 | 00951nam a2200181Ia 4500 | ||
|---|---|---|---|
| 001 | 6591 | ||
| 008 | 260622s9999 xx 000 0 und d | ||
| 020 | _a9789892088105 | ||
| 245 | 0 |
_aAtlantica: Contemporary Art from Mozambique and its Diaspora/ _cEditor: Angela Ferreira |
|
| 260 |
_bHangar Books; _c2021 |
||
| 300 |
_a268p; _c26x21cm |
||
| 520 | _aAtlantica is a book about contemporary art in Mozambique and its diaspora. It brings together images of works by 14 visual artists and theoretical essays by curators and scholars. Taking into account the artistic production of the new millennium in Mozambique, this work reflects distinct histories and artistic visions, along with a wide variety of formats and genres of writing, also mirroring the diversity of origins of its authors. | ||
| 546 | _aEnglish; Arabic | ||
| 650 |
_aAfrican countries _99431 |
||
| 650 | _aN5300-7418 Visual Arts- History | ||
| 651 |
_aMozambique _99432 |
||
| 942 | _cBK | ||
| 999 |
_c6591 _d6591 |
||